Psycholinguistics ,Sociolinguistics,Lexical Studies ,Semantics / (رقم التسجيلة. 112992)
[ عرض عادي ]
| 000 -الفاتح | |
|---|---|
| عناصر البيانات ثابتة الطول | 00609cam a2200181 i 4500 |
| 005 - تاريخ ووقت آخر معاملة | |
| حقل ضبط | 20260218103307.0 |
| 008 - عناصر البيانات ثابتة الطول | |
| عناصر البيانات ثابتة الطول | 250721s9999 sj gr 000 0 eng d |
| 082 14 - رقم تصنيف ديوي العشري | |
| رقم التصنيف | 401/ |
| رقم المادة | A H M |
| 100 1# - مدخل رئيسي – اسم شخصي | |
| الاسم الشخصي | ahmed, sami balla mohamed |
| علاقة الشخص بالعمل/ دوره | Editer. |
| 245 10 - بيان العنوان | |
| العنوان | Psycholinguistics ,Sociolinguistics,Lexical Studies ,Semantics / |
| بيان المسؤولية | prepared by Sami Balla Mohamed Ahmed. |
| 264 31 - بيانات النشر، التوزيع…إلخ | |
| مكان النشر، التوزيع...إلخ | khartom : |
| اسم الناشر، الموزع...إلخ | sudan university of science and technology, |
| تاريخ النشر، التوزيع...إلخ | [unknown]. |
| 300 ## - الوصف المادي | |
| عدد الوحدات المكونة للوعاء | 214 pages. |
| 650 17 - مدخل إضافي بالموضوع - مصطلح موضوعي | |
| مصطلح موضوعي أو اسم جغرافي كعنصر مدخل | SEMANTICS. |
| 650 17 - مدخل إضافي بالموضوع - مصطلح موضوعي | |
| مصطلح موضوعي أو اسم جغرافي كعنصر مدخل | PSYCHOLINGUISTICS. |
| 650 17 - مدخل إضافي بالموضوع - مصطلح موضوعي | |
| مصطلح موضوعي أو اسم جغرافي كعنصر مدخل | SOCIOLINGUISTICS. |
| 942 ## - بيانات إضافية (كوها) | |
| نوع التنصيف | Dewey Decimal Classification |
| نوع المادة (كوها) | كتب |
| حالة السحب | حالة الفقدان | مصدر التصنيف | حالة التلف | غير قابل للإعارة | المكتبة الرئيسية | المكتبة الحالية | موقع الرف | تاريخ التزويد | رقم المخزون | Total Checkouts | رقم الإستدعاء | الباركود | تاريخ آخر ظهور | تاريخ الفاتورة | نوع المادة (كوها) | العملة |
|---|---|---|---|---|---|---|---|---|---|---|---|---|---|---|---|---|
| Dewey Decimal Classification | المكتبة المركزية | المكتبة المركزية | الإعارة | 18/02/2026 | 60228 | 401/ A H M | PLD00026661 | 18/02/2026 | 18/02/2026 | كتب | JOD | |||||
| Dewey Decimal Classification | مكتبة الأميرة ايمان العامة | مكتبة الأميرة ايمان العامة | الإعارة | 20/11/2013 | [60227] | 401/AHM | PLD00287204 | 28/07/2025 | 20/11/2013 | كتب |